000 00306nam a2200109Ia 4500
008 180205s9999 xx 000 0 und d
020 _a9710859382
100 _aRivera, Filomena V.
245 _aJose Rizal's immortal legacy /
260 _aSan juan City
_bNational bookstore
_c1997
300 _aix, 198 pages
999 _c354771
_d354771